Statistics for Основы периодической системы химических элементов

Click here to take the quiz!

General Stats

  • This quiz has been taken 24 times
  • The average score is 4 of 6

Answer Stats

ТезисОтвет% Correct
5Общее количество элементов (на 2024 год)118
100%
3Количество групп (длинная форма)18
67%
1Количество периодов7
67%
2Количество групп (короткая форма)8
67%
4Первоначальное количество элементов63
33%
6Количество природных элементов (на 2024 год)92
33%

Score Distribution

Percentile by Number Answered

Percent of People with Each Score

Your Score History

You have not taken this quiz